| 000 | 00705nam a2200229 a 4500 | ||
|---|---|---|---|
| 001 | 2091137 | ||
| 005 | 20180302071527.0 | ||
| 008 | 960725s1997 mau b 001 0 eng | ||
| 010 | _a 95080799 | ||
| 020 | _a0312115040 | ||
| 040 |
_aDLC _cDLC |
||
| 041 | _aeng | ||
| 080 | _a808.066 | ||
| 082 | 0 | 0 |
_a808.066 MIL _220 |
| 100 | 1 | _a11 | |
| 101 | _aBIO | ||
| 245 | 1 | 0 |
_aWriting papers in the biological sciences / _cVictoria E. McMillan. |
| 504 | _aIncludes bibliographical references (p. 183-189) and index. | ||
| 906 |
_a7 _bcbc _corignew _d2 _eopcn _f19 _gy-gencatlg |
||
| 942 |
_2ddc _cBK |
||
| 999 |
_c44037 _d44037 |
||